000 00414ntaaa2200181 4500
003 01
005 20251027202640.0
008 0714s1973 ag 01
040 _aAR-BaBN
_bspa
_cAR-BaBN
_eaacr
_dRIC
082 _a372.4000 P41
100 _aPerrault
245 _aRosabel la bella durmiente
250 _a1 ed.
260 _as.l. :
_bEditorial Mateu,
_cn.f.
300 _a16 p
700 _aNivbo,
942 _cBK
999 _c21653
_d21653